| Tag |
First Indicator |
Second Indicator |
Subfields |
| LEADER |
00000cam a2200000 a 4500 |
| 001 |
in00004101034 |
| 005 |
20200420141449.0 |
| 008 |
850430s1984 enk b 000 1 eng |
| 010 |
|
|
|a 85149262
|
| 015 |
|
|
|a GB8437528
|2 bnb
|
| 016 |
7 |
|
|a 071-39171
|2 uk
|
| 019 |
|
|
|a 12447795
|
| 020 |
|
|
|a 0713917164
|
| 020 |
|
|
|a 9780713917161
|
| 035 |
|
|
|a (OCoLC)ocm13581132
|
| 035 |
|
|
|a (OCoLC)13581132
|z (OCoLC)12447795
|
| 040 |
|
|
|a DLC
|b eng
|c DLC
|d UKM
|d OCL
|d OCLCQ
|d BTCTA
|d OCLCG
|d GBVCP
|d OCLCO
|d OCLCF
|d OCLCQ
|d OCL
|d OCLCA
|d TXA
|d UtOrBLW
|
| 043 |
|
|
|a e-hu---
|
| 049 |
|
|
|a TXAM
|
| 050 |
0 |
0 |
|a PR9619.3.S47
|b W5 1984
|
| 082 |
0 |
0 |
|a 823
|2 19
|
| 100 |
1 |
|
|a Shapcott, Thomas W.,
|e author.
|0 http://id.loc.gov/authorities/names/n50002678
|
| 245 |
1 |
0 |
|a White stag of exile /
|c Thomas Shapcott.
|
| 264 |
|
1 |
|a London :
|b Allen Lane,
|c 1984.
|
| 300 |
|
|
|a 171 pages ;
|c 23 cm
|
| 336 |
|
|
|a text
|b txt
|2 rdacontent
|
| 337 |
|
|
|a unmediated
|b n
|2 rdamedia
|
| 338 |
|
|
|a volume
|b nc
|2 rdacarrier
|
| 504 |
|
|
|a Includes bibliographical references (pages 171-172).
|
| 500 |
|
|
|a The Cushing Library/Women & Gender Studies copy was acquired as part of The Don Kelly Research Collection of Gay Literature and Culture.
|5 TXA
|
| 600 |
1 |
0 |
|a Pulszky, Károly,
|d 1853-1899
|v Fiction.
|
| 610 |
2 |
0 |
|a Szépművészeti Múzeum (Hungary)
|x History
|v Fiction.
|
| 651 |
|
0 |
|a Budapest (Hungary)
|x History
|y 1872-1945
|v Fiction.
|
| 600 |
1 |
7 |
|a Pulszky, Károly,
|d 1853-1899.
|2 fast
|0 (OCoLC)fst00171785
|
| 610 |
2 |
7 |
|a Szépművészeti Múzeum (Hungary)
|2 fast
|0 (OCoLC)fst00543245
|
| 651 |
|
7 |
|a Hungary
|z Budapest.
|2 fast
|0 (OCoLC)fst01206109
|
| 648 |
|
7 |
|a 1872-1945
|2 fast
|
| 653 |
|
|
|a Fiction in English
|a Australian writers, 1945- - Texts.
|
| 655 |
|
7 |
|a Fiction.
|2 fast
|0 (OCoLC)fst01423787
|
| 655 |
|
7 |
|a History.
|2 fast
|0 (OCoLC)fst01411628
|
| 655 |
|
7 |
|a Biographical fiction.
|2 gsafd
|
| 655 |
|
7 |
|a Historical fiction.
|2 gsafd
|
| 776 |
0 |
8 |
|i Online version:
|a Shapcott, Thomas W.
|t White stag of exile.
|d London : A. Lane, 1984
|w (OCoLC)571503430
|
| 994 |
|
|
|a C0
|b TXA
|
| 948 |
|
|
|a cataloged
|b h
|c 2020/1/6
|d c
|e nbehmer
|f 4:45:09 pm
|
| 999 |
f |
f |
|s adf8dd35-7109-33de-a735-97cb994c1ea6
|i 8d205792-1bfc-3dbb-9a19-4097d910f334
|t 0
|
| 952 |
f |
f |
|p noncirc
|a Texas A&M University
|b College Station
|c Cushing Memorial Library & Archives
|d Cushing: Women & Gender Studies (Does not check out)
|t 0
|e PR9619.3.S47 W5 1984
|h Library of Congress classification
|i unmediated -- volume
|
| 998 |
f |
f |
|a PR9619.3.S47 W5 1984
|t 0
|l Cushing: Women & Gender Studies (Does not check out)
|